Management consultancy boundaries and knowledge in action

Saved in:
Bibliographic Details
Main Author: Sturdy, Andrew
Format: Book
Language:English
Published: New York Oxford University Press 2009
Subjects:
Tags: Add Tag
No Tags, Be the first to tag this record!

MARC

LEADER 00000nam$a2200000$$$4500
001 0107977
005 20221207101143.8
020 |a 978-0-19-921264-4 
041 0 |a eng 
044 |a US 
245 1 0 |a Management consultancy  |b boundaries and knowledge in action  |c Andrew Sturdy ... [et al.] 
264 1 |a New York  |b Oxford University Press  |c 2009 
300 |a 204 s. 
610 2 0 |a podnik 
610 2 0 |a projekty 
610 2 0 |a konzultácie 
610 2 0 |a klienti 
610 2 0 |a vedomosti 
610 2 0 |a manažment znalostný 
610 2 0 |a výskum ekonomický 
610 2 0 |a výskum sociologický 
100 1 |a Sturdy, Andrew